Statystyki dla Państwa o najniższych opadach

Kliknij tutaj aby rozwiązać quiz!

Ogólne statystyki

  • Ten quiz został rozwiązany 12 193 razy
    (5 598 od ostatniego zresetowania)
  • Średni wynik to 13 z 20

Statystyki odpowiedzi

OpadyKraj% Poprawnych
2,5 cmEgipt
92%
22,7 cmMaroko
82%
9,1 cmAlgieria
81%
10,2 cmArabia Saudyjska
80%
4,4 cmLibia
77%
5,5 cmOman
76%
20,9 cmIrak
74%
22,0 cmIran
74%
17,1 cmJemen
74%
7,2 cmKatar
74%
6,2 cmZjednoczone Emiraty Arabskie
72%
16,8 cmNiger
69%
12,4 cmKuwejt
65%
8,9 cmBahrajn
61%
10,8 cmJordania
59%
10,7 cmMauretania
55%
24,1 cmMongolia
45%
14,7 cmTurkmenistan
37%
23,0 cmUzbekistan
36%
20,0 cmDżibuti
33%

Rozkład punktacji

Percentyl według liczby udzielonych odpowiedzi

Procent ludzi z każdym wynikiem

Twoja historia wyników

Nie rozwiązałeś tego quizu od ostatniego zresetowania